000 00640nam a2200169 a 4500
001 000242206
003 AM-YeHGA
005 20250618071624.0
008 030701s1959 ai 000 | arm d
040 _aAM-YeHGA
245 1 0 _aԿրենքըբիլ :
_b[Վիպակ] /
_cԱ. Ֆրանս; Թարգմ. բնագր.՝ Գր. Արեյան; Խմբ.՝ Գ. Քեշիշյան.
260 _aԵրևան :
_bՀայպետհրատ,
_c1959.
300 _a31 էջ ;
_c20 սմ.
650 1 4 _aՖրանսիական գրականություն
_xՎիպակ
700 1 _aՔեշիշյան, Գրիգոր Սամվելի,
_d1921-1980
_eխմբ.
_4edt
_92468
090 _c87150
999 _c85871
_d85871